[Event "ODJM B 2024"]
[Site "Willingen GER"]
[Date "2024.05.21"]
[Round "4"]
[White "Frydel, Marcel"]
[Black "Meyer, Henry Paul"]
[Result "1-0"]
[Termination "normal"]
[Board "7"]
[WhiteElo "1692"]
[BlackElo "1718"]
[WhiteClock "00:29:02"]
[BlackClock "00:12:33"]
[PlyCount "77"]
[WhiteFideId "16245733"]
[BlackFideId "34645802"]
[EventCountry "GER"]
[EventRounds "9"]
[EventType "swiss"]
[EventDate "2024.05.18"]

1. d4 {[%clk 01:30:56]} {[%emt 00:00:04]} Nf6 {[%clk 01:30:54]} {[%emt
00:00:06]} 2. c4 {[%clk 01:31:24]} {[%emt 00:00:03]} g6 {[%clk 01:31:02]}
{[%emt 00:00:22]} 3. Nc3 {[%clk 01:31:50]} {[%emt 00:00:04]} Bg7 {[%clk
01:31:27]} {[%emt 00:00:04]} 4. e4 {[%clk 01:32:03]} {[%emt 00:00:18]} d6
{[%clk 01:31:51]} {[%emt 00:00:06]} 5. Be2 {[%clk 01:32:28]} {[%emt 00:00:05]}
O-O {[%clk 01:32:13]} {[%emt 00:00:07]} 6. Nf3 {[%clk 01:32:56]} {[%emt
00:00:02]} Nbd7 {[%clk 01:32:11]} {[%emt 00:00:32]} 7. e5 {[%clk 01:31:12]}
{[%emt 00:02:15]} dxe5 {[%clk 01:32:07]} {[%emt 00:00:33]} 8. dxe5 {[%clk
01:31:34]} {[%emt 00:00:08]} Ng4 {[%clk 01:32:20]} {[%emt 00:00:16]} 9. e6
{[%clk 01:29:58]} {[%emt 00:02:07]} fxe6 {[%clk 01:32:37]} {[%emt 00:00:13]}
10. h3 {[%clk 01:26:15]} {[%emt 00:04:13]} Nge5 {[%clk 01:30:24]} {[%emt
00:02:42]} 11. Ng5 {[%clk 01:23:29]} {[%emt 00:03:17]} Nc5 {[%clk 01:17:48]}
{[%emt 00:13:05]} 12. O-O {[%clk 01:10:41]} {[%emt 00:13:19]} c6 {[%clk
01:10:33]} {[%emt 00:07:45]} 13. Qc2 {[%clk 01:09:26]} {[%emt 00:01:45]} h6
{[%clk 00:58:01]} {[%emt 00:13:01]} 14. Nge4 {[%clk 01:09:14]} {[%emt
00:00:43]} Nxe4 {[%clk 00:57:07]} {[%emt 00:01:24]} 15. Qxe4 {[%clk 01:07:57]}
{[%emt 00:01:47]} Qc7 {[%clk 00:47:22]} {[%emt 00:10:14]} 16. f4 {[%clk
01:06:08]} {[%emt 00:02:20]} Nf7 {[%clk 00:46:28]} {[%emt 00:01:22]} 17. Qxg6
{[%clk 01:05:54]} {[%emt 00:00:45]} Nd6 {[%clk 00:42:16]} {[%emt 00:04:42]} 18.
Bd3 {[%clk 00:56:15]} {[%emt 00:10:10]} Rf6 {[%clk 00:36:57]} {[%emt 00:05:48]}
19. Qh7+ {[%clk 00:52:53]} {[%emt 00:03:53]} Kf7 {[%clk 00:36:41]} {[%emt
00:00:45]} 20. Ne4 {[%clk 00:52:32]} {[%emt 00:00:51]} Nxe4 {[%clk 00:36:48]}
{[%emt 00:00:23]} 21. Qxe4 {[%clk 00:52:46]} {[%emt 00:00:17]} e5 {[%clk
00:29:24]} {[%emt 00:07:54]} 22. Qxe5 {[%clk 00:39:55]} {[%emt 00:13:21]} Qxe5
{[%clk 00:29:28]} {[%emt 00:00:26]} 23. fxe5 {[%clk 00:40:21]} {[%emt
00:00:04]} Rxf1+ {[%clk 00:29:49]} {[%emt 00:00:09]} 24. Kxf1 {[%clk 00:40:41]}
{[%emt 00:00:10]} Bxe5 {[%clk 00:22:55]} {[%emt 00:07:22]} 25. Bxh6 {[%clk
00:40:32]} {[%emt 00:00:41]} Bxb2 {[%clk 00:23:14]} {[%emt 00:00:10]} 26. Rb1
{[%clk 00:40:51]} {[%emt 00:00:12]} Bd4 {[%clk 00:22:32]} {[%emt 00:01:08]} 27.
g4 {[%clk 00:40:32]} {[%emt 00:00:52]} Rb8 {[%clk 00:22:15]} {[%emt 00:00:46]}
28. Kg2 {[%clk 00:40:29]} {[%emt 00:00:35]} a6 {[%clk 00:21:14]} {[%emt
00:01:30]} 29. Rf1+ {[%clk 00:33:36]} {[%emt 00:07:23]} Ke8 {[%clk 00:19:06]}
{[%emt 00:02:38]} 30. g5 {[%clk 00:33:17]} {[%emt 00:00:50]} b5 {[%clk
00:18:47]} {[%emt 00:00:48]} 31. g6 {[%clk 00:32:49]} {[%emt 00:00:58]} bxc4
{[%clk 00:18:41]} {[%emt 00:00:37]} 32. Bxc4 {[%clk 00:32:56]} {[%emt
00:00:23]} Rb2+ {[%clk 00:18:35]} {[%emt 00:00:35]} 33. Kg3 {[%clk 00:32:37]}
{[%emt 00:00:49]} Be5+ {[%clk 00:16:58]} {[%emt 00:02:05]} 34. Bf4 {[%clk
00:31:18]} {[%emt 00:01:51]} Bg7 {[%clk 00:15:35]} {[%emt 00:01:52]} 35. h4
{[%clk 00:29:19]} {[%emt 00:02:30]} e5 {[%clk 00:14:36]} {[%emt 00:01:28]} 36.
Re1 {[%clk 00:29:29]} {[%emt 00:00:21]} Rc2 {[%clk 00:13:25]} {[%emt 00:01:38]}
37. Bf7+ {[%clk 00:29:43]} {[%emt 00:00:19]} Kf8 {[%clk 00:13:29]} {[%emt
00:00:26]} 38. Bxe5 {[%clk 00:30:01]} {[%emt 00:00:13]} Bh6 {[%clk 00:12:33]}
{[%emt 00:01:22]} 39. Bf6 {[%clk 00:29:02]} {[%emt 00:01:32]} 1-0

[Event "ODJM B 2024"]
[Site "Willingen GER"]
[Date "2024.05.21"]
[Round "4"]
[White "Walter, Richard"]
[Black "Ziem, Ole"]
[Result "1-0"]
[Termination "normal"]
[Board "8"]
[WhiteElo "1719"]
[BlackElo "1636"]
[WhiteClock "00:51:33"]
[BlackClock "00:29:34"]
[PlyCount "145"]
[WhiteFideId "34620028"]
[BlackFideId "34624791"]
[EventCountry "GER"]
[EventRounds "9"]
[EventType "swiss"]
[EventDate "2024.05.18"]

1. d4 {[%clk 01:30:59]} {[%emt 00:00:01]} Nf6 {[%clk 01:30:46]} {[%emt
00:00:14]} 2. Nf3 {[%clk 01:31:23]} {[%emt 00:00:05]} g6 {[%clk 01:30:44]}
{[%emt 00:00:32]} 3. g3 {[%clk 01:31:49]} {[%emt 00:00:04]} Bg7 {[%clk
01:30:39]} {[%emt 00:00:35]} 4. Bg2 {[%clk 01:32:14]} {[%emt 00:00:05]} O-O
{[%clk 01:30:34]} {[%emt 00:00:35]} 5. O-O {[%clk 01:32:38]} {[%emt 00:00:07]}
d5 {[%clk 01:29:07]} {[%emt 00:01:57]} 6. Nbd2 {[%clk 01:29:14]} {[%emt
00:03:53]} Nc6 {[%clk 01:28:18]} {[%emt 00:01:20]} 7. e3 {[%clk 01:28:24]}
{[%emt 00:01:19]} Re8 {[%clk 01:25:41]} {[%emt 00:03:07]} 8. c4 {[%clk
01:27:23]} {[%emt 00:01:31]} e6 {[%clk 01:23:35]} {[%emt 00:02:37]} 9. a3
{[%clk 01:26:24]} {[%emt 00:01:29]} a5 {[%clk 01:21:59]} {[%emt 00:02:06]} 10.
Qc2 {[%clk 01:26:34]} {[%emt 00:00:20]} Bd7 {[%clk 01:20:24]} {[%emt 00:02:05]}
11. Ne5 {[%clk 01:25:22]} {[%emt 00:01:42]} Rb8 {[%clk 01:10:16]} {[%emt
00:10:37]} 12. Ndf3 {[%clk 01:23:02]} {[%emt 00:02:51]} Ne7 {[%clk 01:07:02]}
{[%emt 00:03:43]} 13. c5 {[%clk 01:19:02]} {[%emt 00:04:30]} Nf5 {[%clk
01:02:58]} {[%emt 00:04:34]} 14. b4 {[%clk 01:18:03]} {[%emt 00:01:30]} Bb5
{[%clk 00:59:40]} {[%emt 00:03:48]} 15. Rd1 {[%clk 01:15:02]} {[%emt 00:03:30]}
Ra8 {[%clk 00:57:43]} {[%emt 00:02:28]} 16. Bb2 {[%clk 01:14:14]} {[%emt
00:01:17]} Nd7 {[%clk 00:56:59]} {[%emt 00:01:15]} 17. a4 {[%clk 01:13:51]}
{[%emt 00:00:53]} Nxe5 {[%clk 00:56:51]} {[%emt 00:00:37]} 18. Nxe5 {[%clk
01:14:15]} {[%emt 00:00:07]} Bd7 {[%clk 00:55:46]} {[%emt 00:01:35]} 19. b5
{[%clk 01:14:33]} {[%emt 00:00:12]} c6 {[%clk 00:55:10]} {[%emt 00:01:06]} 20.
b6 {[%clk 01:14:36]} {[%emt 00:00:27]} h5 {[%clk 00:51:53]} {[%emt 00:03:46]}
21. h4 {[%clk 01:12:20]} {[%emt 00:02:47]} Bh6 {[%clk 00:50:59]} {[%emt
00:01:24]} 22. Bh3 {[%clk 01:10:43]} {[%emt 00:02:06]} Bc8 {[%clk 00:47:37]}
{[%emt 00:03:53]} 23. Bxf5 {[%clk 01:09:49]} {[%emt 00:01:24]} exf5 {[%clk
00:47:43]} {[%emt 00:00:24]} 24. Bc3 {[%clk 01:09:35]} {[%emt 00:00:43]} Qf6
{[%clk 00:44:51]} {[%emt 00:03:20]} 25. Qd2 {[%clk 01:06:34]} {[%emt 00:03:34]}
g5 {[%clk 00:42:33]} {[%emt 00:02:48]} 26. hxg5 {[%clk 01:04:54]} {[%emt
00:02:09]} Qxg5 {[%clk 00:42:04]} {[%emt 00:00:59]} 27. Nf3 {[%clk 01:02:07]}
{[%emt 00:03:18]} Qg4 {[%clk 00:42:06]} {[%emt 00:00:25]} 28. Nh2 {[%clk
01:01:55]} {[%emt 00:00:44]} Qe4 {[%clk 00:40:37]} {[%emt 00:01:57]} 29. Qd3
{[%clk 01:01:18]} {[%emt 00:01:09]} Qe7 {[%clk 00:39:54]} {[%emt 00:01:09]} 30.
Qe2 {[%clk 00:53:04]} {[%emt 00:08:48]} Qg5 {[%clk 00:38:47]} {[%emt 00:01:36]}
31. Nf1 {[%clk 00:53:26]} {[%emt 00:00:10]} h4 {[%clk 00:38:12]} {[%emt
00:01:04]} 32. f4 {[%clk 00:52:40]} {[%emt 00:01:16]} Qg6 {[%clk 00:34:38]}
{[%emt 00:04:02]} 33. Qg2 {[%clk 00:53:02]} {[%emt 00:00:10]} hxg3 {[%clk
00:34:48]} {[%emt 00:00:20]} 34. Bd2 {[%clk 00:53:26]} {[%emt 00:00:07]} Kh7
{[%clk 00:34:24]} {[%emt 00:00:53]} 35. Qxg3 {[%clk 00:53:24]} {[%emt
00:00:32]} Qxg3+ {[%clk 00:34:31]} {[%emt 00:00:23]} 36. Nxg3 {[%clk 00:53:45]}
{[%emt 00:00:09]} Rg8 {[%clk 00:34:55]} {[%emt 00:00:05]} 37. Kf2 {[%clk
00:54:09]} {[%emt 00:00:07]} Be6 {[%clk 00:34:54]} {[%emt 00:00:31]} 38. Nh5
{[%clk 00:54:10]} {[%emt 00:00:28]} Rg6 {[%clk 00:34:59]} {[%emt 00:00:25]} 39.
Rg1 {[%clk 00:54:35]} {[%emt 00:00:06]} Bg7 {[%clk 00:32:26]} {[%emt 00:03:00]}
40. Rg3 {[%clk 00:54:15]} {[%emt 00:00:54]} Rg4 {[%clk 00:31:17]} {[%emt
00:01:37]} 41. Rh1 {[%clk 00:52:12]} {[%emt 00:02:33]} Kg6 {[%clk 00:30:34]}
{[%emt 00:01:08]} 42. Rxg4+ {[%clk 00:51:47]} {[%emt 00:01:02]} fxg4 {[%clk
00:30:58]} {[%emt 00:00:05]} 43. Ng3 {[%clk 00:52:12]} {[%emt 00:00:05]} f5
{[%clk 00:30:34]} {[%emt 00:00:52]} 44. Ne2 {[%clk 00:52:28]} {[%emt 00:00:16]}
Bf6 {[%clk 00:28:54]} {[%emt 00:02:09]} 45. Nc1 {[%clk 00:52:50]} {[%emt
00:00:09]} Kf7 {[%clk 00:28:15]} {[%emt 00:01:08]} 46. Nb3 {[%clk 00:53:04]}
{[%emt 00:00:17]} Rg8 {[%clk 00:27:56]} {[%emt 00:00:37]} 47. Kg3 {[%clk
00:52:45]} {[%emt 00:01:01]} Rg7 {[%clk 00:27:47]} {[%emt 00:00:39]} 48. Nxa5
{[%clk 00:52:34]} {[%emt 00:00:41]} Bc8 {[%clk 00:28:10]} {[%emt 00:00:08]} 49.
Nb3 {[%clk 00:52:32]} {[%emt 00:00:32]} Ke6 {[%clk 00:27:54]} {[%emt 00:00:41]}
50. Na1 {[%clk 00:51:40]} {[%emt 00:01:26]} Rg6 {[%clk 00:27:30]} {[%emt
00:00:54]} 51. Nc2 {[%clk 00:51:59]} {[%emt 00:00:12]} Kd7 {[%clk 00:27:39]}
{[%emt 00:00:15]} 52. a5 {[%clk 00:51:05]} {[%emt 00:01:30]} Be7 {[%clk
00:27:43]} {[%emt 00:00:25]} 53. Rh7 {[%clk 00:51:07]} {[%emt 00:00:28]} Ke6
{[%clk 00:27:41]} {[%emt 00:00:32]} 54. Nb4 {[%clk 00:50:40]} {[%emt 00:00:58]}
Rf6 {[%clk 00:27:30]} {[%emt 00:00:38]} 55. a6 {[%clk 00:50:41]} {[%emt
00:00:31]} bxa6 {[%clk 00:26:40]} {[%emt 00:01:21]} 56. Nxc6 {[%clk 00:51:03]}
{[%emt 00:00:07]} Rf7 {[%clk 00:26:22]} {[%emt 00:00:47]} 57. Rxf7 {[%clk
00:51:22]} {[%emt 00:00:13]} Kxf7 {[%clk 00:26:43]} {[%emt 00:00:08]} 58. Na5
{[%clk 00:51:46]} {[%emt 00:00:06]} Ke8 {[%clk 00:26:43]} {[%emt 00:00:30]} 59.
b7 {[%clk 00:52:11]} {[%emt 00:00:06]} Bxb7 {[%clk 00:27:07]} {[%emt 00:00:06]}
60. Nxb7 {[%clk 00:52:36]} {[%emt 00:00:05]} Kd7 {[%clk 00:27:27]} {[%emt
00:00:06]} 61. Na5 {[%clk 00:50:30]} {[%emt 00:02:39]} Kc7 {[%clk 00:27:34]}
{[%emt 00:00:22]} 62. Nb3 {[%clk 00:50:08]} {[%emt 00:00:54]} Kc6 {[%clk
00:27:52]} {[%emt 00:00:11]} 63. Nc1 {[%clk 00:50:20]} {[%emt 00:00:18]} Bd8
{[%clk 00:28:01]} {[%emt 00:00:22]} 64. Nd3 {[%clk 00:50:02]} {[%emt 00:00:48]}
a5 {[%clk 00:28:15]} {[%emt 00:00:16]} 65. Ne5+ {[%clk 00:49:34]} {[%emt
00:00:58]} Kb5 {[%clk 00:28:09]} {[%emt 00:00:34]} 66. Nf7 {[%clk 00:49:43]}
{[%emt 00:00:21]} Bc7 {[%clk 00:28:14]} {[%emt 00:00:22]} 67. Nd6+ {[%clk
00:49:22]} {[%emt 00:00:55]} Bxd6 {[%clk 00:28:37]} {[%emt 00:00:07]} 68. cxd6
{[%clk 00:49:47]} {[%emt 00:00:04]} Kc6 {[%clk 00:29:01]} {[%emt 00:00:07]} 69.
Bxa5 {[%clk 00:50:11]} {[%emt 00:00:07]} Kxd6 {[%clk 00:29:27]} {[%emt
00:00:04]} 70. Kh4 {[%clk 00:50:25]} {[%emt 00:00:15]} Ke6 {[%clk 00:29:21]}
{[%emt 00:00:36]} 71. Kg5 {[%clk 00:50:42]} {[%emt 00:00:13]} g3 {[%clk
00:29:36]} {[%emt 00:00:16]} 72. Be1 {[%clk 00:51:07]} {[%emt 00:00:04]} g2
{[%clk 00:29:34]} {[%emt 00:00:33]} 73. Bf2 {[%clk 00:51:33]} {[%emt 00:00:03]}
1-0

[Event "ODJM B 2024"]
[Site "Willingen GER"]
[Date "2024.05.21"]
[Round "4"]
[White "Liang, Jiaxuan"]
[Black "Tran, Minh Dat"]
[Result "1/2-1/2"]
[Termination "normal"]
[Board "9"]
[WhiteElo "1673"]
[BlackElo "1731"]
[WhiteClock "00:20:52"]
[BlackClock "00:54:42"]
[PlyCount "40"]
[WhiteFideId "34675205"]
[BlackFideId "16244702"]
[EventCountry "GER"]
[EventRounds "9"]
[EventType "swiss"]
[EventDate "2024.05.18"]

1. e4 {[%clk 01:30:58]} {[%emt 00:00:03]} e5 {[%clk 01:30:57]} {[%emt
00:00:03]} 2. Nf3 {[%clk 01:31:22]} {[%emt 00:00:06]} d6 {[%clk 01:31:23]}
{[%emt 00:00:04]} 3. d4 {[%clk 01:31:37]} {[%emt 00:00:15]} exd4 {[%clk
01:31:49]} {[%emt 00:00:04]} 4. Nxd4 {[%clk 01:32:02]} {[%emt 00:00:06]} Nf6
{[%clk 01:31:54]} {[%emt 00:00:24]} 5. Nc3 {[%clk 01:30:32]} {[%emt 00:02:00]}
Be7 {[%clk 01:31:54]} {[%emt 00:00:30]} 6. Bd3 {[%clk 01:26:10]} {[%emt
00:04:52]} c5 {[%clk 01:30:25]} {[%emt 00:01:59]} 7. Nf3 {[%clk 01:25:07]}
{[%emt 00:01:32]} Nc6 {[%clk 01:30:42]} {[%emt 00:00:13]} 8. O-O {[%clk
01:21:20]} {[%emt 00:04:17]} O-O {[%clk 01:28:09]} {[%emt 00:03:02]} 9. Re1
{[%clk 01:17:51]} {[%emt 00:04:01]} Ne8 {[%clk 01:24:53]} {[%emt 00:03:46]} 10.
Nd5 {[%clk 01:12:17]} {[%emt 00:06:04]} Nc7 {[%clk 01:22:14]} {[%emt 00:03:10]}
11. Nxc7 {[%clk 01:04:26]} {[%emt 00:08:21]} Qxc7 {[%clk 01:22:17]} {[%emt
00:00:26]} 12. a3 {[%clk 01:03:43]} {[%emt 00:01:13]} Bf6 {[%clk 01:19:38]}
{[%emt 00:03:08]} 13. h3 {[%clk 00:49:35]} {[%emt 00:14:38]} h6 {[%clk
01:13:18]} {[%emt 00:06:50]} 14. Rb1 {[%clk 00:48:18]} {[%emt 00:01:48]} Be6
{[%clk 01:10:43]} {[%emt 00:03:04]} 15. Bf4 {[%clk 00:42:51]} {[%emt 00:05:57]}
Rfd8 {[%clk 01:02:55]} {[%emt 00:08:19]} 16. Qc1 {[%clk 00:36:19]} {[%emt
00:07:02]} c4 {[%clk 00:58:20]} {[%emt 00:05:05]} 17. Be2 {[%clk 00:34:14]}
{[%emt 00:02:35]} Ne5 {[%clk 00:58:00]} {[%emt 00:00:51]} 18. Nd4 {[%clk
00:25:40]} {[%emt 00:09:03]} Ng6 {[%clk 00:54:07]} {[%emt 00:04:23]} 19. Nxe6
{[%clk 00:22:13]} {[%emt 00:03:57]} fxe6 {[%clk 00:54:32]} {[%emt 00:00:05]}
20. Bg3 {[%clk 00:20:52]} {[%emt 00:01:50]} Rac8 {[%clk 00:54:42]} {[%emt
00:00:21]} 1/2-1/2

[Event "ODJM B 2024"]
[Site "Willingen GER"]
[Date "2024.05.21"]
[Round "4"]
[White "Barsov, Vladislav"]
[Black "Lieb, Max"]
[Result "0-1"]
[Termination "normal"]
[Board "10"]
[WhiteElo "1893"]
[BlackElo "1662"]
[WhiteClock "00:19:03"]
[BlackClock "00:22:20"]
[PlyCount "128"]
[WhiteFideId "34613757"]
[BlackFideId "34630651"]
[EventCountry "GER"]
[EventRounds "9"]
[EventType "swiss"]
[EventDate "2024.05.18"]

1. c4 {[%clk 01:31:00]} c6 {[%clk 01:30:55]} {[%emt 00:00:05]} 2. g3 {[%clk
01:31:26]} {[%emt 00:00:03]} Nf6 {[%clk 01:31:19]} {[%emt 00:00:06]} 3. Bg2
{[%clk 01:31:52]} {[%emt 00:00:04]} d5 {[%clk 01:31:41]} {[%emt 00:00:09]} 4.
Nf3 {[%clk 01:32:15]} {[%emt 00:00:07]} dxc4 {[%clk 01:30:06]} {[%emt
00:02:05]} 5. Nc3 {[%clk 01:32:10]} {[%emt 00:00:35]} Bf5 {[%clk 01:29:53]}
{[%emt 00:00:43]} 6. O-O {[%clk 01:30:55]} {[%emt 00:01:45]} e6 {[%clk
01:30:07]} {[%emt 00:00:16]} 7. Qa4 {[%clk 01:29:39]} {[%emt 00:01:46]} Nbd7
{[%clk 01:25:54]} {[%emt 00:04:43]} 8. Qxc4 {[%clk 01:29:18]} {[%emt 00:00:51]}
Be7 {[%clk 01:18:17]} {[%emt 00:08:07]} 9. d3 {[%clk 01:28:40]} {[%emt
00:01:09]} O-O {[%clk 01:17:57]} {[%emt 00:00:49]} 10. b4 {[%clk 01:26:30]}
{[%emt 00:02:40]} Rc8 {[%clk 01:12:30]} {[%emt 00:05:57]} 11. Bd2 {[%clk
01:21:50]} {[%emt 00:05:10]} e5 {[%clk 01:10:01]} {[%emt 00:02:58]} 12. Qb3
{[%clk 01:20:49]} {[%emt 00:01:32]} c5 {[%clk 01:04:44]} {[%emt 00:05:47]} 13.
Na4 {[%clk 01:00:58]} {[%emt 00:20:20]} cxb4 {[%clk 00:49:56]} {[%emt
00:15:18]} 14. Bxb4 {[%clk 00:59:43]} {[%emt 00:01:45]} Bxb4 {[%clk 00:47:38]}
{[%emt 00:02:48]} 15. Qxb4 {[%clk 01:00:06]} {[%emt 00:00:08]} b6 {[%clk
00:46:59]} {[%emt 00:01:09]} 16. Nb2 {[%clk 00:55:45]} {[%emt 00:04:50]} Qc7
{[%clk 00:43:03]} {[%emt 00:04:26]} 17. Qd2 {[%clk 00:45:19]} {[%emt 00:10:56]}
Qc2 {[%clk 00:38:23]} {[%emt 00:05:10]} 18. Nc4 {[%clk 00:43:17]} {[%emt
00:02:33]} Qxd2 {[%clk 00:38:07]} {[%emt 00:00:46]} 19. Nfxd2 {[%clk 00:43:38]}
{[%emt 00:00:09]} Bg6 {[%clk 00:35:26]} {[%emt 00:03:11]} 20. Rfc1 {[%clk
00:36:32]} {[%emt 00:07:35]} Rfe8 {[%clk 00:33:31]} {[%emt 00:02:24]} 21. Bh3
{[%clk 00:32:06]} {[%emt 00:04:57]} Re7 {[%clk 00:30:34]} {[%emt 00:03:27]} 22.
a4 {[%clk 00:27:57]} {[%emt 00:04:40]} e4 {[%clk 00:26:47]} {[%emt 00:04:16]}
23. d4 {[%clk 00:24:16]} {[%emt 00:04:11]} Nd5 {[%clk 00:24:44]} {[%emt
00:02:34]} 24. Ne5 {[%clk 00:18:32]} {[%emt 00:06:14]} Rxc1+ {[%clk 00:20:54]}
{[%emt 00:04:19]} 25. Rxc1 {[%clk 00:18:59]} {[%emt 00:00:04]} Nf8 {[%clk
00:20:30]} {[%emt 00:00:53]} 26. Rc8 {[%clk 00:18:57]} {[%emt 00:00:32]} f5
{[%clk 00:18:37]} {[%emt 00:02:24]} 27. e3 {[%clk 00:15:48]} {[%emt 00:03:39]}
Rc7 {[%clk 00:16:30]} {[%emt 00:02:37]} 28. Rd8 {[%clk 00:14:59]} {[%emt
00:01:20]} Ne7 {[%clk 00:16:14]} {[%emt 00:00:45]} 29. Bf1 {[%clk 00:13:54]}
{[%emt 00:01:34]} Rc8 {[%clk 00:14:26]} {[%emt 00:02:19]} 30. Bc4+ {[%clk
00:14:07]} {[%emt 00:00:17]} Kh8 {[%clk 00:14:40]} {[%emt 00:00:15]} 31. Rxc8
{[%clk 00:13:37]} {[%emt 00:01:01]} Nxc8 {[%clk 00:15:02]} {[%emt 00:00:08]}
32. Nxg6+ {[%clk 00:12:33]} {[%emt 00:01:33]} hxg6 {[%clk 00:15:10]} {[%emt
00:00:22]} 33. f3 {[%clk 00:12:17]} {[%emt 00:00:47]} exf3 {[%clk 00:14:39]}
{[%emt 00:01:01]} 34. Nxf3 {[%clk 00:12:36]} {[%emt 00:00:10]} Nd6 {[%clk
00:14:33]} {[%emt 00:00:36]} 35. Bd5 {[%clk 00:12:54]} {[%emt 00:00:12]} Nd7
{[%clk 00:13:21]} {[%emt 00:01:42]} 36. Ng5 {[%clk 00:09:31]} {[%emt 00:03:53]}
Nf6 {[%clk 00:12:44]} {[%emt 00:01:07]} 37. Nf7+ {[%clk 00:09:22]} {[%emt
00:00:39]} Nxf7 {[%clk 00:13:02]} {[%emt 00:00:12]} 38. Bxf7 {[%clk 00:09:48]}
{[%emt 00:00:04]} Kh7 {[%clk 00:12:44]} {[%emt 00:00:48]} 39. h3 {[%clk
00:07:20]} {[%emt 00:02:59]} g5 {[%clk 00:12:27]} {[%emt 00:00:46]} 40. Kg2
{[%clk 00:05:14]} {[%emt 00:02:36]} g6 {[%clk 00:12:20]} {[%emt 00:00:37]} 41.
Kf3 {[%clk 00:03:35]} {[%emt 00:02:10]} Kg7 {[%clk 00:11:30]} {[%emt 00:01:18]}
42. Bc4 {[%clk 00:03:53]} {[%emt 00:00:11]} Ne4 {[%clk 00:11:37]} {[%emt
00:00:25]} 43. Bd3 {[%clk 00:01:19]} {[%emt 00:03:05]} Nc3 {[%clk 00:11:24]}
{[%emt 00:00:43]} 44. Bb5 {[%clk 00:00:46]} {[%emt 00:01:03]} a5 {[%clk
00:11:18]} {[%emt 00:00:35]} 45. Bd7 {[%clk 00:27:56]} {[%emt 00:03:20]} Kf6
{[%clk 00:38:02]} {[%emt 00:03:46]} 46. Bc6 {[%clk 00:22:40]} {[%emt 00:05:46]}
Ke6 {[%clk 00:34:34]} {[%emt 00:03:58]} 47. h4 {[%clk 00:21:12]} {[%emt
00:01:59]} g4+ {[%clk 00:31:24]} {[%emt 00:03:40]} 48. Kf2 {[%clk 00:20:58]}
{[%emt 00:00:43]} b5 {[%clk 00:23:01]} {[%emt 00:08:53]} 49. Bxb5 {[%clk
00:16:10]} {[%emt 00:05:18]} Nxb5 {[%clk 00:23:12]} {[%emt 00:00:20]} 50. axb5
{[%clk 00:15:36]} {[%emt 00:01:03]} a4 {[%clk 00:23:22]} {[%emt 00:00:21]} 51.
h5 {[%clk 00:15:43]} {[%emt 00:00:22]} gxh5 {[%clk 00:23:09]} {[%emt 00:00:43]}
52. b6 {[%clk 00:16:05]} {[%emt 00:00:09]} Kd6 {[%clk 00:23:27]} {[%emt
00:00:12]} 53. Ke2 {[%clk 00:16:23]} {[%emt 00:00:12]} a3 {[%clk 00:23:44]}
{[%emt 00:00:12]} 54. e4 {[%clk 00:16:50]} {[%emt 00:00:03]} fxe4 {[%clk
00:23:34]} {[%emt 00:00:40]} 55. d5 {[%clk 00:17:04]} {[%emt 00:00:16]} a2
{[%clk 00:23:40]} {[%emt 00:00:24]} 56. b7 {[%clk 00:17:25]} {[%emt 00:00:10]}
Kc7 {[%clk 00:24:00]} {[%emt 00:00:10]} 57. d6+ {[%clk 00:17:35]} {[%emt
00:00:20]} Kxb7 {[%clk 00:24:19]} {[%emt 00:00:10]} 58. d7 {[%clk 00:17:57]}
{[%emt 00:00:08]} Kc7 {[%clk 00:24:38]} {[%emt 00:00:12]} 59. Kf2 {[%clk
00:18:00]} {[%emt 00:00:26]} a1=Q {[%clk 00:24:36]} {[%emt 00:00:21]} 60. Kg2
{[%clk 00:18:20]} {[%emt 00:00:22]} e3 {[%clk 00:24:03]} {[%emt 00:01:02]} 61.
Kh2 {[%clk 00:18:25]} {[%emt 00:00:25]} e2 {[%clk 00:22:06]} {[%emt 00:02:28]}
62. Kg2 {[%clk 00:18:21]} {[%emt 00:00:33]} e1=Q {[%clk 00:22:13]} {[%emt
00:00:23]} 63. d8=Q+ {[%clk 00:18:36]} {[%emt 00:00:16]} Kxd8 {[%clk 00:22:29]}
{[%emt 00:00:13]} 64. Kh2 {[%clk 00:19:03]} {[%emt 00:00:04]} Qg1# {[%clk
00:22:20]} {[%emt 00:00:08]} 0-1